LIBRARY & INFORMATION CENTRE, KCAET, TAVANUR

ONLINE PUBLIC ACCESS CATALOGUE (OPAC)

Understanding centrifugal pumps and piping system / (Record no. 9255)

MARC details
000 -LEADER
fixed length control field 00409cam a2200157ua 4500
003 - CONTROL NUMBER IDENTIFIER
control field OSt
008 - FIXED-LENGTH DATA ELEMENTS--GENERAL INFORMATION
fixed length control field 250306b |||||||| |||| 00| 0 eng d
020 ## - INTERNATIONAL STANDARD BOOK NUMBER
ISBN 0 87814 236 3
041 ## - LANGUAGE CODE
Language code of text/sound track or separate title eng
082 ## - DEWEY DECIMAL CLASSIFICATION NUMBER
Classification number 621.67
Item number LIL/UN
100 ## - MAIN ENTRY--AUTHOR NAME
Personal name Lilyestrand, Wlter E .
245 ## - TITLE STATEMENT
Title Understanding centrifugal pumps and piping system /
260 ## - PUBLICATION, DISTRIBUTION, ETC. (IMPRINT)
Place of publication :
Name of publisher Pennwell books ,
Year of publication 1984.
300 ## - PHYSICAL DESCRIPTION
Number of Pages 402 ; .
942 ## - ADDED ENTRY ELEMENTS (KOHA)
Koha item type Books
Holdings
Withdrawn status Lost status Damaged status Home library Current library Date acquired Full call number Accession Number Koha item type
      KAUAET KAUAET 26/03/1987 621.67 LIL/UN 16126 Books
free website counter